Statistieken voor 100 meest gebruikte Nederlandse woorden

Klik hier om de quiz te nemen!

Algemene statistieken

  • Deze quiz is 179 keer genomen
  • De gemiddelde score is 47 van 100

Antwoordstatistieken

Woord% Correct
de
99%
het
98%
een
96%
ik
90%
we
89%
hij
85%
me
82%
waar
81%
nee
81%
zijn
80%
ze
79%
op
78%
jij
76%
in
74%
ja
74%
al
74%
ben
73%
en
72%
aan
72%
is
70%
dat
70%
ga
70%
wie
67%
je
66%
heb
65%
die
65%
u
63%
hoe
63%
niet
63%
wat
61%
van
60%
wel
60%
jullie
60%
er
60%
als
57%
zo
56%
mij
54%
maar
53%
daar
53%
moet
53%
gaan
52%
voor
50%
kan
50%
haar
49%
waarom
49%
jou
49%
hebben
47%
dit
47%
ons
47%
was
47%
te
47%
doe
46%
om
46%
deze
45%
mee
44%
met
43%
mijn
43%
doen
41%
over
41%
heeft
40%
dan
39%
bent
36%
naar
36%
goed
35%
kunnen
34%
of
34%
hem
33%
uit
33%
gaat
32%
bij
31%
had
31%
wil
30%
meer
30%
geen
30%
nu
29%
dus
28%
hier
28%
ook
27%
door
26%
kom
26%
nog
26%
man
24%
zal
23%
nooit
23%
laat
22%
moeten
20%
hebt
20%
oke
19%
even
19%
zien
19%
alles
19%
alleen
18%
toch
17%
weg
17%
zou
13%
weet
13%
denk
13%
iets
10%
eens
9%
echt
9%

Scoreverdeling

Percentiel versus Aantal Correcte Antwoorden

Procent van Mensen met Elke Score

Uw Scoregeschiedenis

U heeft deze quiz nog niet genomen